00721cam a22002177a 4500003000500000005001700005008004100022010001000063011001000073035001000083040000900093100003400102245013100136260004100267300001100308502008400319650002200403650002500425650003500450650001800485CHAP20220329142318.0000609d2000 mx r 00110 spa d a81497 a82469 a92965 cCHAP00aBolaños Esquivel, Bernardo.10aMano de obra femenino y producción de flores en México :bel caso de visa flor y coxflorc/por Bernardo Bolaños Esquivel aChapingo, Méx. :bEl autor,c2000. a102 h. aTesis (M.C. en Sociología Rural.) -- UACH. Departamento de Sociología Rural14aFloresxMéxico.14aFloresxRendimiento.14aFloriculturazMéxico (Edo.).14aMano de obra.